01350cam a2200241I 45000010008000000030006000080050017000140080041000310100013000720400071000850500015001560820015001712450062001862600045002483000037002935000155003305040041004855050348005265200117008746500014009917000051010057100052010562273070OCoLC20190111102629.0760622s1968 miuab b 000 0 eng d a68019213 aHUCbengcHUCdDLCdOCLdGZMdOCLCQdCWSdOCLCAdOCLCQdCHCdCIRBC0 aBS651b.S9 a577bM875S02aA Symposium on creation /cby Henry M. Morris and others. aGrand Rapids :bBaker Book House,c1968. a155 p. :billus., maps ;c22 cm. a"Papers presented ... at the annual conference on Christian schooling in Houston, Texas, under the auspices of the Association for Christian Schools." aIncludes bibliographical references.0 aScience versus scientism / Henry M. Morris -- Creationist viewpoints / John W. Klotz -- Can we accept theistic evolution? / Paul A. Zimmerman -- The origins of civilization / R. Clyde McCone -- The Noachian flood and mountain uplifts / Donald W. Patten -- The ice epoch / Donald W. Patten -- Evolutionary time: a moral issue / R. Clyde McCone. aLectures presented by a group of Christian scientists concerning creation, evolution and other related subjects. 0aCreation.1 aMorris, Henry M.q(Henry Madison),d1918-2006.2 aAssociation for Christian Schools.bConference.